000 00365nam a22001697a 4500
003 SGT
020 _a9789385529009
082 _a615.19
_bP16M
100 _aMEHTA,R.M.
245 _aPHARMACEUTICS
250 _a6TH
260 _aDELHI
_bVALLABH PRAKASHAN
_c2016
300 _a336
650 _aPHARMACY
653 _aPHARMACY, PHARMACEUTICS
942 _2ddc
_cBK
999 _c34768
_d34768